Normal view
MARC view
Entry Topical Term
001 - CONTROL NUMBER
- control field: 54786
003 - CONTROL NUMBER IDENTIFIER
- control field: OSt
005 - DATE AND TIME OF LATEST TRANSACTION
- control field: 20250625144742.0
008 - FIXED-LENGTH DATA ELEMENTS
- fixed length control field: 250625|| aca||aabn | a|a d
040 ## - CATALOGING SOURCE
- Original cataloging agency: OSt
- Transcribing agency: OSt
150 ## - HEADING--TOPICAL TERM
- Topical term or geographic name entry element: werehouse, food grain production, economic impact
670 ## - SOURCE DATA FOUND
- Source citation: Work cat.: (OSt): Praveen, Anita 54785, Rural prosperity through warehousing
